000 01251cam a22003134a 4500
999 _c2205
_d2205
001 1686162
003 GZU
005 20201028095253.0
008 990421s2000 njua b 001 0 eng
010 _a 99030894
020 _a0805829377 (cloth : alk. paper)
040 _aDLC
_cDLC
_dDLC
042 _apcc
050 0 0 _aHV2474
_b.L33 2000
082 0 0 _a419
_221
245 0 0 _aLanguage acquisition by eye /
_cedited by Charlene Chamberlain, Jill P. Morford, Rachel I. Mayberry.
260 _aMahwah, N.J. :
_bLawrence Erlbaum Associates,
_c2000.
300 _axvii, 276 p. :
_bill. ;
_c24 cm.
504 _aIncludes bibliographical references and indexes.
650 0 _aSign language.
650 0 _aLanguage acquisition.
700 1 _aChamberlain, Charlene.
700 1 _aMorford, Jill Patterson,
_d1963-
700 1 _aMayberry, Rachel I.
856 4 2 _3Publisher description
_uhttp://www.loc.gov/catdir/enhancements/fy0709/99030894-d.html
906 _a7
_bcbc
_corignew
_d1
_eocip
_f19
_gy-gencatlg
942 _2lcc
_cBK
_h2474
_iLAN
_kHV
_m1999